<?xml version="1.0" encoding="UTF-8"?>
<marc:record xmlns:marc="http://www.loc.gov/MARC21/slim">
   <marc:leader>00000nam a2200000 a 4500</marc:leader>
   <marc:datafield ind1="1" ind2=" " tag="100">
      <marc:subfield code="a">Fielding Helen</marc:subfield>
      <marc:subfield code="4">aut</marc:subfield>
      <marc:subfield code="e">Verfasser/-in</marc:subfield>
   </marc:datafield>
   <marc:datafield ind1=" " ind2=" " tag="653">
      <marc:subfield code="a">heiter</marc:subfield>
   </marc:datafield>
   <marc:datafield ind1=" " ind2=" " tag="653">
      <marc:subfield code="a">Lebensroman</marc:subfield>
   </marc:datafield>
   <marc:datafield ind1="0" ind2="0" tag="245">
      <marc:subfield code="a">Am Rande des Wahnsinns</marc:subfield>
   </marc:datafield>
   <marc:datafield ind1=" " ind2="1" tag="264">
      <marc:subfield code="b">Goldmann</marc:subfield>
      <marc:subfield code="c">2002</marc:subfield>
   </marc:datafield>
   <marc:datafield ind1="1" ind2=" " tag="520">
      <marc:subfield code="a">Bridget Jones ist wieder da! Der neue Roman der Bestsellerautorin Helen Fielding endlich im Taschenbuch. Unermüdlich kämpft die Heldin des Romans »Schokolade zum Frühstück« weiter um das große Glück und versucht - bewehrt mit zahllosen Ratgebern wie »Männer sind anders« und »Endlich Wunschgewicht« - ihr Leben zu meistern. Die Chancen steigen, als ihre Mutter endlich einen langen, langen Aufenthalt im Ausland plant...


</marc:subfield>
   </marc:datafield>
   <marc:datafield ind1=" " ind2=" " tag="020">
      <marc:subfield code="a">9783442452644</marc:subfield>
      <marc:subfield code="9">9783442452644</marc:subfield>
   </marc:datafield>
</marc:record>
